| 000 | 00647nam a22001817a 4500 | ||
|---|---|---|---|
| 005 | 20251108175950.0 | ||
| 008 | 250721s2014 xx 000 0 ara d | ||
| 082 | 1 | 4 | _a649.7/بيد |
| 100 | 1 | _aبيدر، جين | |
| 245 | 1 | 0 |
_aرتب غرفتك : _bكيف تحثين ابناءك على اداء المهام التي يكرهونها او يؤدونها على مضض؟ / |
| 250 | _aط.2 | ||
| 264 | 1 |
_aالجيزة : _bدار الفاروق للاستثمارات الثقافية، _c2014. |
|
| 300 | _a228ص. | ||
| 650 | 1 | 7 | _aالتربية السلوكية |
| 650 | 1 | 7 | _aتنظيف المنزل |
| 942 |
_2ddc _cBK |
||
| 999 |
_c146603 _d146603 |
||